<?xml version="1.0" encoding="UTF-8"?>
<marc:record xmlns:marc="http://www.loc.gov/MARC21/slim">
   <marc:leader>00000nam a2200000 a 4500</marc:leader>
   <marc:datafield ind1="1" ind2=" " tag="100">
      <marc:subfield code="a">Schetar, Daniela</marc:subfield>
      <marc:subfield code="4">aut</marc:subfield>
      <marc:subfield code="e">Verfasser/-in</marc:subfield>
   </marc:datafield>
   <marc:datafield ind1=" " ind2=" " tag="653">
      <marc:subfield code="a">Individualreisende</marc:subfield>
   </marc:datafield>
   <marc:datafield ind1=" " ind2=" " tag="653">
      <marc:subfield code="a">Julisch Venetien</marc:subfield>
   </marc:datafield>
   <marc:datafield ind1=" " ind2=" " tag="653">
      <marc:subfield code="a">Dolomiten</marc:subfield>
   </marc:datafield>
   <marc:datafield ind1=" " ind2=" " tag="653">
      <marc:subfield code="a">Italien</marc:subfield>
   </marc:datafield>
   <marc:datafield ind1=" " ind2=" " tag="653">
      <marc:subfield code="a">Norditalien</marc:subfield>
   </marc:datafield>
   <marc:datafield ind1=" " ind2=" " tag="653">
      <marc:subfield code="a">Venedig</marc:subfield>
   </marc:datafield>
   <marc:datafield ind1=" " ind2=" " tag="653">
      <marc:subfield code="a">Verona</marc:subfield>
   </marc:datafield>
   <marc:datafield ind1=" " ind2=" " tag="653">
      <marc:subfield code="a">Padua</marc:subfield>
   </marc:datafield>
   <marc:datafield ind1=" " ind2=" " tag="653">
      <marc:subfield code="a">Triest</marc:subfield>
   </marc:datafield>
   <marc:datafield ind1=" " ind2=" " tag="653">
      <marc:subfield code="a">2019</marc:subfield>
   </marc:datafield>
   <marc:datafield ind1=" " ind2=" " tag="653">
      <marc:subfield code="a">Veneto</marc:subfield>
   </marc:datafield>
   <marc:datafield ind1=" " ind2=" " tag="653">
      <marc:subfield code="a">Udine</marc:subfield>
   </marc:datafield>
   <marc:datafield ind1=" " ind2=" " tag="653">
      <marc:subfield code="a">Vicenza</marc:subfield>
   </marc:datafield>
   <marc:datafield ind1=" " ind2=" " tag="653">
      <marc:subfield code="a">Cortina d’Ampezzo</marc:subfield>
   </marc:datafield>
   <marc:datafield ind1=" " ind2=" " tag="653">
      <marc:subfield code="a">Adria</marc:subfield>
   </marc:datafield>
   <marc:datafield ind1=" " ind2=" " tag="653">
      <marc:subfield code="a">Softcover / Reisen/Reiseführer/Europa</marc:subfield>
   </marc:datafield>
   <marc:datafield ind1=" " ind2=" " tag="653">
      <marc:subfield code="a">Führer</marc:subfield>
   </marc:datafield>
   <marc:datafield ind1="0" ind2="0" tag="245">
      <marc:subfield code="a">Venetien mit Friaul und Gardasee</marc:subfield>
   </marc:datafield>
   <marc:datafield ind1="0" ind2="0" tag="245">
      <marc:subfield code="c">Daniela Schetar</marc:subfield>
   </marc:datafield>
   <marc:datafield ind1=" " ind2="1" tag="264">
      <marc:subfield code="a">Bielefeld</marc:subfield>
      <marc:subfield code="b">Reise Know-How Verlag Peter Rump</marc:subfield>
      <marc:subfield code="c">2019</marc:subfield>
   </marc:datafield>
   <marc:datafield ind1=" " ind2=" " tag="250">
      <marc:subfield code="a">7., neu bearbeitete und aktualisierte Auflage</marc:subfield>
   </marc:datafield>
   <marc:datafield ind1="1" ind2=" " tag="520">
      <marc:subfield code="a">Angaben aus der Verlagsmeldung

Reise Know-How Reiseführer Venetien mit Friaul und Gardasee / von Friedrich Köthe, Daniela Schetar

Hochalpen, Meer, Weinhügel und quirlige Städte liegen in Nordost-Italien ganz nahe beieinander. Strandleben und Wandern, Sightseeing und Weinverkostung, Einkaufsbummel und eine Vielzahl von Sportmöglichkeiten machen Friaul, Julisch Venetien und Veneto zu einer äußerst vielseitigen und attraktiven Urlaubsregion, die sich mit diesem umfassenden Reiseführer aus dem Reise Know-How Verlag unkompliziert auf eigene Faust entdecken lässt:
- Ausführliche praktische Tipps helfen bereits bei der Reiseplanung und führen auch zu versteckten Highlights.
- Venedig und Triest, die beiden gegensätzlichen Königinnen der Adria, bieten einzigartige Architektur und Kunst, originelle Bars und exzellente Restaurants.
- Udine und die Colli – Weintouren für Genießer.
- Cortina d’Ampezzo und die Bergwelt des Friaul – Tipps für Wanderer und Skifahrer.
- Verona und Vicenza – Kunst, Kultur und die besten Shopping-Adressen.
- Padua, die Universitäts- und Pilgerstadt.
- Po-Delta und Lagune von Venedig locken mit einsamen Dünenstränden, einer reichen Vogelwelt und Zeugnissen alter Bauern- und Fischerkultur.
- Mit Unterkunftsempfehlungen in allen Preisklassen, von nobel bis preiswert.
- Kleiner Sprachführer Italienisch zur einfachen Verständigung.
- Zahlreiche detaillierte Stadtpläne und Kartenatlas zur schnellen Orientierung.
- Extra-Kapitel zum Gardasee.

Unterwegs mit Reise Know-How – mehr wissen, mehr sehen, mehr erleben.
</marc:subfield>
   </marc:datafield>
   <marc:datafield ind1=" " ind2=" " tag="020">
      <marc:subfield code="a">9783831733002</marc:subfield>
      <marc:subfield code="9">9783831733002</marc:subfield>
   </marc:datafield>
   <marc:datafield ind1=" " ind2=" " tag="020">
      <marc:subfield code="a">3831733007</marc:subfield>
      <marc:subfield code="9">3831733007</marc:subfield>
   </marc:datafield>
   <marc:datafield ind1=" " ind2=" " tag="300">
      <marc:subfield code="a">648 Seiten</marc:subfield>
   </marc:datafield>
</marc:record>
